Guess the Script Quiz - Statistics

General Stats
  • This quiz has been taken 351 times
    338 since last reset
  • The average score is 8 of 10
Answer Stats
Sample Script Name % Correct
هل تعرف اسم نظام الكتابة لدينا Arabic
100%
Знаете ли името на нашата система за писане Cyrillic
88%
작문 시스템의 이름을 알고 있습니까 Hangul
88%
Do you know the name of our writing system? Latin
86%
你知道我们的写作系统的名字吗 Chinese
85%
האם אתה יודע את שם מערכת הכתיבה שלנו Hebrew
85%
Ξέρετε το όνομα του συστήματος γραφής μας Hellenic
83%
იცით თუ არა ჩვენი მწერლობის სისტემის სახელი Georgian
72%
Գիտե՞ք մեր գրելու համակարգի անվանումը Armenian
70%
የአፃፃፍ ስርዓታችንን ስም ያውቃሉ Ge'ez
61%
No matching quizzes found
Score Distribution
Percent of People with Each Score
Percentile by Number Answered
Your Score History
You have not taken this quiz since the last reset